| 000 | 00365 a2200157 4500 | ||
|---|---|---|---|
| 001 | 17573 | ||
| 020 | _a9788575038253 | ||
| 040 | _cAnchieta - Bela Vista | ||
| 100 | _aReid, Alastair | ||
| 240 | 1 | 0 |
_aUm balão por um Bacamarte _lpor |
| 245 | 1 | 0 | _aUm balão por um Bacamarte |
| 300 | _a36 | ||
| 362 | 0 | _a2011 | |
| 650 | 4 | _aLiteratura infanto-juvenil | |
| 942 | _cBK | ||
| 999 |
_c17573 _d17573 |
||